000
00301nam a2200109Ia 4500
008
160531s9999 xx 000 0 und d
100
_a
Vink, Jacco.
245
_a
Supernova Remnants: The X-ray Perspective
245
_c
by Jacco Vink
260
_c
2011
856
_u
http://arxiv.org/pdf/1112.0576v2.pdf
999
_c
295184
_d
295184